[Event "6th Tournament of Peace"]
[Site "Zagreb CRO"]
[Date "2019.11.28"]
[Round "9"]
[White "Melkumian, Hrant"]
[Black "Bosiocic, Marin"]
[Result "1/2-1/2"]
[WhiteElo "2661"]
[BlackElo "2598"]
[EventDate "2019.11.19"]
[PlyCount "134"]

1.d4 Nf6 2.c4 e6 3.Nc3 Bb4 4.f3 c5 5.d5 b5 6.e4 O-O 7.Nh3 bxc4 8.Bxc4 exd5
9.Bxd5 Nxd5 10.Qxd5 Qb6 11.O-O d6 12.Nf4 Bxc3 13.bxc3 Nc6 14.Be3 Ba6 15.
Rfd1 Rad8 16.Rab1 Qc7 17.Qg5 Ne7 18.h4 Bc4 19.Rd2 f6 20.Qg3 d5 21.Nh5 Qxg3
22.Nxg3 dxe4 23.Nxe4 Rxd2 24.Nxd2 Bxa2 25.Ra1 Nf5 26.Bf2 Bd5 27.g4 Nd6 28.
Bxc5 Rd8 29.Bxa7 Ra8 30.Ra5 Bf7 31.Bb6 Rxa5 32.Bxa5 Nc4 33.Nb3 h5 34.gxh5 
Bxh5 35.Kf2 Bf7 36.Bb4 Bd5 37.Nd4 Kf7 38.Kg3 Kg6 39.Bf8 Ne3 40.Kf4 Ng2+ 
41.Kg4 Ne3+ 42.Kg3 Bb7 43.Kh2 Bd5 44.Ba3 Kh5 45.Kg3 Kg6 46.Bf8 Bb7 47.Kh2 
Bd5 48.Kg1 Bb7 49.Kh2 Bd5 50.Ba3 Kh5 51.Kg3 Kg6 52.Ne2 Nf5+ 53.Kg4 Ne3+ 
54.Kf4 Ng2+ 55.Kg3 Bc4 56.Nd4 Ne3 57.Kh2 Nd1 58.Bb4 Ne3 59.Kg1 Nf5 60.Nxf5
Kxf5 61.Kf2 Bf7 62.Ke3 g5 63.hxg5 fxg5 64.Bd6 Bd5 65.f4 gxf4+ 66.Bxf4 Bf7 
67.c4 Bxc4 1/2-1/2

[Event "6th Tournament of Peace"]
[Site "Zagreb CRO"]
[Date "2019.11.28"]
[Round "9"]
[White "Palac, Mladen"]
[Black "Dreev, Alexei"]
[Result "1/2-1/2"]
[WhiteElo "2550"]
[BlackElo "2671"]
[EventDate "2019.11.19"]
[PlyCount "93"]

1.e4 c5 2.Nf3 e6 3.d4 cxd4 4.Nxd4 Nf6 5.Nc3 Nc6 6.Nxc6 bxc6 7.e5 Nd5 8.Ne4
Qc7 9.f4 Qb6 10.c4 Bb4+ 11.Ke2 f5 12.exf6 Nxf6 13.Be3 Qd8 14.Nd6+ Bxd6 15.
Qxd6 Bb7 16.Rd1 Rc8 17.Rg1 c5 18.g4 h6 19.Bg2 Bxg2 20.Rxg2 Qb6 21.Qxb6 
axb6 22.g5 hxg5 23.fxg5 Nh5 24.Rd6 Rb8 25.Kf3 g6 26.Rgd2 Rb7 27.b4 Ng7 28.
R6d3 Nf5 29.bxc5 Rh3+ 30.Ke4 bxc5 31.Bxc5 Rh4+ 32.Ke5 Rxc4 33.Ba3 Ra7 34.
Kf6 Rf4 35.Kxg6 d5 36.Bb2 Nh4+ 37.Kh6 Kf7 38.Kh5 Ng6 39.Rd4 Rf3 40.h4 Rxa2
41.Rb4 Ra7 42.Kg4 Rf1 43.h5 Rg1+ 44.Kf3 Rxg5 45.hxg6+ Kxg6 46.Rf4 e5 47.
Rg4 1/2-1/2

[Event "6th Tournament of Peace"]
[Site "Zagreb CRO"]
[Date "2019.11.28"]
[Round "9"]
[White "Ragger, Markus"]
[Black "Nisipeanu, Liviu-Dieter"]
[Result "1/2-1/2"]
[WhiteElo "2669"]
[BlackElo "2656"]
[EventDate "2019.11.19"]
[PlyCount "29"]

1.d4 Nf6 2.c4 e6 3.Nf3 d5 4.g3 Be7 5.Bg2 O-O 6.O-O dxc4 7.Qc2 a6 8.a4 Nbd7
9.Nbd2 b6 10.Ne5 Nxe5 11.Bxa8 Qxd4 12.Nf3 Nxf3+ 13.Bxf3 Nd5 14.Bd2 b5 15.
axb5 1/2-1/2

[Event "6th Tournament of Peace"]
[Site "Zagreb CRO"]
[Date "2019.11.29"]
[Round "10"]
[White "Dreev, Alexei"]
[Black "Cheparinov, Ivan"]
[Result "1/2-1/2"]
[WhiteElo "2671"]
[BlackElo "2679"]
[EventDate "2019.11.19"]
[PlyCount "89"]

1.d4 g6 2.e4 Bg7 3.Nf3 d6 4.c3 Nf6 5.Bd3 O-O 6.O-O Nc6 7.h3 e5 8.Re1 h6 9.
Na3 b6 10.Nc2 a5 11.a4 Bb7 12.Be3 Re8 13.dxe5 Nxe5 14.Nxe5 dxe5 15.Bb5 
Nxe4 16.Bxe8 Qxe8 17.f3 Ng3 18.Bf4 Nf5 19.Ne3 Nxe3 20.Bxe3 Rd8 21.Qc2 Bc6 
22.Red1 Rc8 23.Qb3 Bd7 24.Rd2 Be6 25.Qc2 Bf5 26.Qd1 Kh7 27.Qe2 Bd7 28.b3 
Be6 29.c4 Qe7 30.Re1 Qb4 31.Qd1 c6 32.Rde2 b5 33.Bd2 Qc5+ 34.Be3 Qe7 35.c5
Qh4 36.axb5 cxb5 37.Qd2 a4 38.Bf2 Qg5 39.Qb4 Bxb3 40.Qxb5 Qd8 41.Re4 Rb8 
42.Qa6 Ra8 43.Qb5 Rb8 44.Qa6 Ra8 45.Qb5 1/2-1/2

[Event "6th Tournament of Peace"]
[Site "Zagreb CRO"]
[Date "2019.11.29"]
[Round "10"]
[White "Kozul, Zdenko"]
[Black "Ragger, Markus"]
[Result "0-1"]
[WhiteElo "2593"]
[BlackElo "2669"]
[EventDate "2019.11.19"]
[PlyCount "88"]

1.Nf3 Nf6 2.c4 c5 3.e3 g6 4.d4 cxd4 5.exd4 d5 6.Nc3 Bg7 7.cxd5 Nxd5 8.Bb5+
Nc6 9.Qb3 Nxc3 10.bxc3 O-O 11.Bxc6 bxc6 12.O-O c5 13.dxc5 Qa5 14.Be3 Be6 
15.Qb7 Bxc3 16.Rac1 Bf6 17.Nd4 Qxa2 18.Nc6 Rfe8 19.Nb4 Qa4 20.Na6 Rec8 21.
c6 Bc4 22.Rxc4 Qxc4 23.c7 Be5 24.Rc1 Qe6 25.g3 h5 26.Kg2 h4 27.Rc5 Bd6 28.
Rc1 Kg7 29.Qc6 hxg3 30.hxg3 Rh8 31.Kf3 Rac8 32.Bxa7 Rh5 33.Bb6 Qf5+ 34.Kg2
Qh3+ 35.Kf3 Qf5+ 36.Kg2 Qd5+ 37.Qxd5 Rxd5 38.Rb1 Kf6 39.Be3 Ke6 40.Rb7 Ra5
41.Rb6 Kd7 42.Bd2 Rd5 43.Be3 Bxc7 44.Rb7 Kc6 0-1

[Event "6th Tournament of Peace"]
[Site "Zagreb CRO"]
[Date "2019.11.29"]
[Round "10"]
[White "Melkumian, Hrant"]
[Black "Stevic, Hrvoje"]
[Result "1-0"]
[WhiteElo "2661"]
[BlackElo "2563"]
[EventDate "2019.11.19"]
[PlyCount "91"]

1.d4 d5 2.c4 dxc4 3.e4 e5 4.Nf3 Bb4+ 5.Nc3 exd4 6.Nxd4 Nd7 7.Bxc4 Ngf6 8.
Bxf7+ Kxf7 9.Qb3+ Ke8 10.O-O Bxc3 11.Qxc3 Nf8 12.Bg5 Ne6 13.Rad1 Nxg5 14.
Nc6 bxc6 15.Rxd8+ Kxd8 16.Qd2+ Ke8 17.Qxg5 Kf7 18.Qf4 Kg6 19.Qg3+ Kh6 20.
h4 g6 21.Qf4+ Kg7 22.Qxc7+ Nd7 23.Rd1 Re8 24.Qxc6 Rb8 25.Rxd7+ Bxd7 26.
Qxd7+ Kg8 27.Qd5+ Kg7 28.Qd4+ Kg8 29.f3 Red8 30.Qc4+ Kg7 31.Qc3+ Kg8 32.
Kh2 Rd7 33.b3 Rbb7 34.h5 Rbc7 35.Qf6 gxh5 36.Qg5+ Kf8 37.e5 Rc6 38.f4 Rg6 
39.Qf5+ Ke8 40.e6 Rdg7 41.Qd5 Ke7 42.f5 Rg5 43.Qe5 Ke8 44.Kh1 h4 45.Qb8+ 
Ke7 46.Qb4+ 1-0

[Event "6th Tournament of Peace"]
[Site "Zagreb CRO"]
[Date "2019.11.29"]
[Round "10"]
[White "Zelcic, Robert"]
[Black "Bacrot, Etienne"]
[Result "1/2-1/2"]
[WhiteElo "2526"]
[BlackElo "2669"]
[EventDate "2019.11.19"]
[PlyCount "32"]

1.e4 e6 2.d4 d5 3.exd5 exd5 4.Bd3 c5 5.dxc5 Bxc5 6.Nf3 Nf6 7.O-O O-O 8.Bg5
h6 9.Bh4 Nc6 10.Nc3 Be6 11.Re1 Re8 12.Qd2 d4 13.Bxf6 Qxf6 14.Ne4 Qe7 15.
Nxc5 Qxc5 16.a3 Bc4 1/2-1/2

[Event "6th Tournament of Peace"]
[Site "Zagreb CRO"]
[Date "2019.11.30"]
[Round "11"]
[White "Bacrot, Etienne"]
[Black "Dreev, Alexei"]
[Result "1-0"]
[WhiteElo "2669"]
[BlackElo "2671"]
[EventDate "2019.11.19"]
[PlyCount "119"]

1.e4 c6 2.Nf3 d5 3.Nc3 Bg4 4.h3 Bxf3 5.Qxf3 e6 6.Be2 Bc5 7.O-O Nf6 8.Rd1 
Bd4 9.Qf4 Nbd7 10.exd5 e5 11.Qf3 Rc8 12.dxc6 Rxc6 13.Bb5 Rb6 14.Qe2 a6 15.
Bc4 O-O 16.d3 Nc5 17.Ne4 Ncxe4 18.dxe4 Nxe4 19.Be3 Nd6 20.Bxd4 exd4 21.
Rxd4 Qf6 22.c3 Nxc4 23.Rxc4 g6 24.Rd1 Re6 25.Re4 Rfe8 26.Rxe6 Rxe6 27.Qd3 
Re8 28.b3 b5 29.c4 Qb6 30.Qc3 Qc5 31.Rd5 Qc6 32.Qd4 bxc4 33.bxc4 Qc7 34.g3
Qe7 35.c5 Qe4 36.Qd2 Qe1+ 37.Kg2 Qe4+ 38.Kg1 Qe1+ 39.Kg2 Qe4+ 40.Kh2 Qe2 
41.h4 a5 42.c6 Qxd2 43.Rxd2 Rc8 44.Rc2 Kf8 45.g4 Ke7 46.Kg3 Kd6 47.Kf4 f6 
48.g5 f5 49.c7 a4 50.a3 Kd5 51.Ke3 Kd6 52.Kd4 f4 53.f3 Rxc7 54.Rxc7 Kxc7 
55.Kc5 Kd7 56.Kb5 Kd6 57.Kxa4 Kc5 58.Kb3 Kd4 59.a4 Ke3 60.a5 1-0

[Event "6th Tournament of Peace"]
[Site "Zagreb CRO"]
[Date "2019.11.30"]
[Round "11"]
[White "Palac, Mladen"]
[Black "Melkumian, Hrant"]
[Result "0-1"]
[WhiteElo "2550"]
[BlackElo "2661"]
[EventDate "2019.11.19"]
[PlyCount "144"]

1.Nf3 d5 2.d4 Bf5 3.c4 e6 4.Nc3 Nf6 5.Nh4 dxc4 6.Nxf5 exf5 7.Bg5 Be7 8.e3 
Ne4 9.Bxe7 Qxe7 10.Bxc4 Nd6 11.Bd3 c6 12.O-O O-O 13.Qc2 g6 14.Rfe1 Nd7 15.
f3 Qf6 16.Qf2 Rad8 17.Rad1 Rfe8 18.b4 Nb6 19.e4 fxe4 20.fxe4 Qxf2+ 21.Kxf2
Ndc4 22.Bf1 Nb2 23.Rd2 N2a4 24.Nxa4 Nxa4 25.Bc4 Kg7 26.Re3 Re7 27.Bb3 Nb6 
28.Kf3 Nd7 29.Rd1 h5 30.h3 Nf6 31.d5 Nd7 32.dxc6 Ne5+ 33.Kf4 Rxd1 34.Bxd1 
Nxc6 35.a3 f6 36.Rc3 h4 37.Ba4 Ne5 38.Bb3 g5+ 39.Kf5 Ng6 40.Bd5 Nf4 41.Rc8
Re5+ 42.Kg4 Nxd5 43.exd5 Rxd5 44.Rc7+ Kg6 45.Kf3 Rb5 46.Ke4 a6 47.Re7 b6 
48.Rb7 a5 49.bxa5 Re5+ 50.Kf3 bxa5 51.Ra7 Rc5 52.a4 Kf5 53.Ra6 Ke5 54.Ke3 
f5 55.Ra8 f4+ 56.Kf3 Kd4 57.Rb8 Rc3+ 58.Kf2 Rc4 59.Rb5 Rc5 60.Rb8 Re5 61.
Rb7 Kc4 62.Rb8 Rd5 63.Rb7 Rd2+ 64.Kf1 Ra2 65.Rb5 Rxa4 66.Rxg5 Ra1+ 67.Kf2 
a4 68.Rg4 a3 69.Rxf4+ Kb3 70.Rf8 Rb1 71.Rb8+ Kc2 72.Ra8 Rb3 0-1